Blooming prairie #4 [Large Print]/ by Candace ... Read More
Available copies
- 2 of 2 copies available at LARL/NWRL Consortium. (Show)
- 2 of 2 copies available at Lake Agassiz Regional Library.
Current holds
0 current holds with 2 total copies.
View other formats and editions
Show All Copies
| Location | Call Number / Copy Notes | Barcode | Shelving Location | Status | Due Date |
|---|---|---|---|---|---|
| Barnesville Public Library | LARGE PRINT SIM (Text) | 33500011897691 | Main | Available | - |
| Moorhead Public Library | LARGE PRINT SIM (Text) | 33500011889144 | Main | Available | - |
Record details
- ISBN: 9781410462640 (hardcover)
- ISBN: 1410462641 (hardcover)
- Physical Description: pages ; cm.
- Edition: Large print edition.
- Publisher: Waterville, Maine : Thorndike Press, 2014.
Search for related items by subject
| Subject: | Scandinavian Americans > Fiction. Frontier and pioneer life > Fiction. Widows > Fiction. Dakota Indians > Wars, 1862-1865 > Fiction. Minnesota > History > 1858- > Fiction. Large type books. |
| Genre: | Western stories. Historical fiction. |
Search for related items by series
| LDR | 01880cam a22005058i 4500 | ||
|---|---|---|---|
| 001 | 164753 | ||
| 003 | LARL_NWRL_CONSORTIUM | ||
| 005 | 20140415091939.0 | ||
| 008 | 140207t20142012meu d 000 1 eng | ||
| 010 | . | ‡a2014003215 | |
| 020 | . | ‡a9781410462640 (hardcover) | |
| 020 | . | ‡a1410462641 (hardcover) | |
| 035 | . | ‡a(OCoLC)870248740 | |
| 040 | . | ‡aDLC ‡beng ‡erda ‡cDLC ‡dBTCTA | |
| 042 | . | ‡apcc | |
| 043 | . | ‡an-us-mn | |
| 050 | 1 | 0. | ‡aPS3619.I5565 ‡bB59 2014 |
| 082 | 0 | 0. | ‡a813/.6 ‡223 |
| 100 | 1 | . | ‡aSimar, Candace. |
| 245 | 1 | 0. | ‡aBlooming prairie ‡n#4 ‡h[Large Print]/ ‡cby Candace Simar. |
| 250 | . | ‡aLarge print edition. | |
| 260 | . | ‡aWaterville, Maine : ‡bThorndike Press, ‡c2014. | |
| 260 | . | ‡c©2012 | |
| 300 | . | ‡apages ; cm. | |
| 336 | . | ‡atext ‡2rdacontent | |
| 337 | . | ‡aunmediated ‡2rdamedia | |
| 338 | . | ‡avolume ‡2rdacarrier | |
| 490 | 0 | . | ‡aAbercrombie Trail ; ‡v4 |
| 650 | 0. | ‡aScandinavian Americans ‡vFiction. | |
| 650 | 0. | ‡aFrontier and pioneer life ‡vFiction. ‡0(LARL_NWRL_CONSORTIUM)164949 | |
| 650 | 0. | ‡aWidows ‡vFiction. ‡0(LARL_NWRL_CONSORTIUM)167902 | |
| 650 | 0. | ‡aDakota Indians ‡xWars, 1862-1865 ‡vFiction. | |
| 651 | 0. | ‡aMinnesota ‡xHistory ‡y1858- ‡vFiction. | |
| 650 | 0. | ‡aLarge type books. ‡0(LARL_NWRL_CONSORTIUM)24284 | |
| 655 | 7. | ‡aWestern stories. ‡2gsafd | |
| 655 | 7. | ‡aHistorical fiction. ‡2gsafd | |
| 948 | . | ‡hNO HOLDINGS IN LAL - 1 OTHER HOLDINGS | |
| 994 | . | ‡aZ0 ‡bLAL | |
| 901 | . | ‡a164753 ‡bOCLC ‡c164753 ‡tbiblio | |

Add to basket
Permalink
Disable Highlighting